Score 0/20 Timer 02:00
0 Plays Today
Hint Answer % Correct
EYRRye
97.4%
ETWIHWhite
93.9%
LGEABBagel
92%
AIPTPita
90.5%
ANNANaan
88.9%
LHEWO HTEWAWhole Wheat
87.4%
NBAAANBanana
84.7%
KPNIUMPPumpkin
84.1%
PURPLEMINCEKPumpernickel
80.8%
CRHEFNFrench
72.9%
Hint Answer % Correct
LTAAINIItalian
63.6%
CFACIOCAFocaccia
48.6%
CINHUZCIZucchini
48.5%
HZATMAMatzah
48.1%
ATATABCICiabatta
44.2%
EATUBEGTBaguette
43.5%
HLCALHAChallah
35.4%
GOHOSRUDUSourdough
30.9%
NIGTLMUIARMultigrain
15.2%
LAITROTLTortilla
10.5%

You're not logged in!

Compare scores with friends on all Sporcle quizzes.
OR
Log In

Sporcle TV

Today on Sporcle TV


Watch our educational content, quiz creation guides, and fun videos on Sporcle TV.

Show Comments

Extras

Top Quizzes Today


Score Distribution

Your Account Isn't Verified!

In order to create a playlist on Sporcle, you need to verify the email address you used during registration. Go to your Sporcle Settings to finish the process.

Report this User

Report this user for behavior that violates our Community Guidelines.

Details: